• 首页
  • 本馆介绍
  • 公告通知
  • 最新文献
  • 馆藏检索
  • 电子资源
  • 读者荐购
  • 参考咨询
  • CALIS
  • 我的图书馆
  • 登录
  • 详细信息显示
  • 放入我的书架
  • 预约/预借图书
  • 作者相关作品
  • 分类相关作品
  • 丛书相关作品
  • 出版社相关作品

书目信息

  • 表格格式
  • 工作单格式
  • 卡片格式
题名:
二级注册结构工程师专业考试复习教程
    
 
作者: 施岚青 主编
分册: 上  
出版信息: 北京   中国建筑工业出版社  2021.05
页数: 10, 558页
开本: 26cm
丛书名: 2021执业资格考试丛书
单 册:
中图分类: TU3
科图分类:
主题词: 建筑结构--jian zhu jie gou--资格考试--自学参考资料
电子资源:
ISBN: 978-7-112-26060-7
 
 
 
 
 
000 01030nam 2200265 450
001 202021194851
005 20211025120147.0
010    @a978-7-112-26060-7@dCNY109.50
100    @a20211005d2021 em y0chiy50 ea
101 0  @achi
102    @aCN@b110000
105    @aak z 000yy
106    @ar
200 1  @a二级注册结构工程师专业考试复习教程@Aer ji zhu ce jie gou gong cheng shi zhuan ye kao shi fu xi jiao cheng@h上@f施岚青主编
210    @a北京@c中国建筑工业出版社@d2021.05
215    @a10, 558页@c图@d26cm
225 2  @a2021执业资格考试丛书@A2021 zhi ye zi ge kao shi cong shu
330    @a本书共分七章, 内容包括: 荷载、建筑抗震设计、混凝土结构、高层建筑结构、钢结构、砌体结构与木结构、地基与基础。每个章节都配有例题和答案以及详细解答。
410  0 @12001 @a2021执业资格考试丛书
606 0  @a建筑结构@Ajian zhu jie gou@x资格考试@j自学参考资料
690    @aTU3@v5
701  0 @a施岚青@Ashi lan qing@4主编
801  0 @aCN@c20210909
804    @a上, 10, 558 ; 下, 559-1167
905    @a河南城建学院图书馆@dTU3@eS492:1
    
    二级注册结构工程师专业考试复习教程.上/施岚青主编.-北京:中国建筑工业出版社,2021.05
    10, 558页:图;26cm.-(2021执业资格考试丛书)
    
    
    ISBN 978-7-112-26060-7:CNY109.50
    本书共分七章, 内容包括: 荷载、建筑抗震设计、混凝土结构、高层建筑结构、钢结构、砌体结构与木结构、地基与基础。每个章节都配有例题和答案以及详细解答。
●
相关链接 在E读中查询图书 在当当中查询图书 在豆瓣中查询图书


正题名:二级注册结构工程师专业考试复习教程     索取号:TU3/S492:1         预约/预借

序号 登录号 条形码 馆藏地/架位号 状态 备注
1 1544204   215442046   建筑库101/101建筑库 74排3列3层/ [索取号:TU3/S492:1] 在馆    
河南城建学院图书馆 欢迎您!
大连网信软件有限公司© 版权所有